Windsor, Ontario Trivia - Statistics

General Stats
  • This quiz has been taken 11 times
  • The average score is 12 of 18
Answer Stats
Hint Answer % Correct
City immediately north of Windsor Detroit
100%
Bridges that connect the two cities Ambassador Bridge
89%
What the city historically made Cars
78%
County where Windsor is geographically within Essex County
78%
Neighbourhood named for a car company: ____ City Ford
78%
Windsor's motto: The ____ to be Place
78%
Lake the city borders St. Clair
78%
Type of show put on for Canada Day and the 4th of July, among the world's largest Fireworks
67%
Nickname of the city: The City of ____ Roses
67%
Historic name for the city OR name for western neighbourhood Sandwich
67%
War in which volunteer militias crossed the river to trick General Hull into surrendering 1812
56%
Gordie Howe International Bridge
56%
Windsor has one of the lowest ____ rates in Canada, recording no ____s for 27 months, ending in 2011 Murder
56%
Windsor's "Main Street" Ouellette Avenue
56%
Company that owns an assembly plant in the city Stellantis
56%
Major casino opened in 1994 Caesars Windsor
44%
Largest park in Windsor Mic Mac Park
33%
Industry the city was historically known for Manufacturing
22%
No matching quizzes found
Score Distribution
Percent of People with Each Score
Percentile by Number Answered
Your Score History
You have not taken this quiz